Étienne de La Vaissière, Asie centrale 300-850. Des routes et des royaumes. Les Belles Lettres, 2024, 648 páginas, 125 ilustraciones en color, 48 mapas realizados por Fabien Tessier, 35 euros. (notice n° 1516640)
[ vue normale ]
| 000 -LEADER | |
|---|---|
| fixed length control field | 00615cam a2200145 4500500 |
| 005 - DATE AND TIME OF LATEST TRANSACTION | |
| control field | 20251012005114.0 |
| 041 ## - LANGUAGE CODE | |
| Language code of text/sound track or separate title | fre |
| 042 ## - AUTHENTICATION CODE | |
| Authentication code | dc |
| 100 10 - MAIN ENTRY--PERSONAL NAME | |
| Personal name | Rivet de Sabatier, Philippe |
| Relator term | author |
| 245 00 - TITLE STATEMENT | |
| Title | Étienne de La Vaissière, Asie centrale 300-850. Des routes et des royaumes. Les Belles Lettres, 2024, 648 páginas, 125 ilustraciones en color, 48 mapas realizados por Fabien Tessier, 35 euros. |
| 260 ## - PUBLICATION, DISTRIBUTION, ETC. | |
| Date of publication, distribution, etc. | 2025.<br/> |
| 500 ## - GENERAL NOTE | |
| General note | 50 |
| 786 0# - DATA SOURCE ENTRY | |
| Note | Études | Juillet-Août | 7-8 | 2025-07-01 | p. 130-130 |
| 856 41 - ELECTRONIC LOCATION AND ACCESS | |
| Uniform Resource Identifier | <a href="https://shs.cairn.info/revista-etudes-2025-7-8-page-130?lang=es&redirect-ssocas=7080">https://shs.cairn.info/revista-etudes-2025-7-8-page-130?lang=es&redirect-ssocas=7080</a> |
Pas d'exemplaire disponible.




Réseaux sociaux